| 000 | 00981cgm a22003135a 4500 | ||
|---|---|---|---|
| 001 | 12041769 | ||
| 003 | EG-ScBUE | ||
| 005 | 20220210102523.0 | ||
| 007 | v| |||||| | ||
| 008 | 000615s1998 enk--- f 1leng d | ||
| 020 | _a0099470616 | ||
| 020 | _a9780099470618 | ||
| 040 |
_aDLC _beng _erda _cDLC _dEG-ScBUE |
||
| 082 | 0 | 4 |
_222 _a823.914 _bRUT |
| 100 | 1 |
_910585 _aRendell, Ruth, _d1930-2015, _eauthor. |
|
| 245 | 1 | 0 |
_aRoad rage / _cRuth Rendell. |
| 264 | 1 |
_aLondon : _bArrow Books, _c1998. |
|
| 300 |
_a389 pages ; _c24 cm |
||
| 336 |
_2rdacontent _atext _btxt |
||
| 337 |
_2rdamedia _aunmediated _bn |
||
| 338 |
_2rdacarrier _avolume _bnc |
||
| 600 | 1 | 7 |
_aWexford, Inspector _c(Fictitious character) _vFiction. _2BUEsh |
| 650 | 7 |
_aPolice _zEngland _zSussex _vFiction. _2BUEsh |
|
| 651 | _2BUEsh | ||
| 653 |
_bHHUUEENN _cFebruary2022 |
||
| 655 |
_vReading book _934232 |
||
| 942 |
_2ddc _cBB |
||
| 999 |
_c13188 _d13188 |
||